000 01020nas a2200265 4500
001 BR8301966
003 BR-BrBNA
005 20231205085524.0
007 ta
008 230509b bl.|||p| |||| 00| 00por d
040 _aBR-BrBNA
_bpor
_cBiblioteca Nacional de Agricultura
041 _a(Pt)
072 _aH20
100 1 _aCardoso, R.M.G.
100 1 _aPitta, G.P.B. (Instituto Biologico, Sao Paulo, SP (Brazil). Secao de Micologia Fitopatologica)
111 1 _a29. Congresso da Sociedade Americana de Ciencias Horticulas
_cCampinas, SP (Brazil)
_d18 Oct 1981
245 1 _aAphelandra squarrosa Nees, um novo hospedeiro de Myrothecium roridum Tode ex Fr. [folhagem, fungo]
246 1 _aAphelandra squarrosa Nees, a new host of Myrothecium roridum Tode ex Fr. [foliage, fungus]
650 _aFOLHA
650 _aFUNGO
650 _aHOSPEDEIRO
773 0 _tBiologico (Brazil)
_xISSN 0366-0567
_g(Aug 1982), v. 48(8) p. 183-187
_wBR8301966
909 _a202311
_bLúcia
_c55
_dLúcia Elande
942 _2AGRIS
_n0
_cANA
999 _c111968
_d111968